Confusion from cultural fusion: Embracing the significance of goa’s unique blend (Record no. 529887)
[ view plain ]
| 000 -LEADER | |
|---|---|
| fixed length control field | 00774nam a22001337a 4500 |
| 008 - FIXED-LENGTH DATA ELEMENTS--GENERAL INFORMATION | |
| fixed length control field | 250513b ||||| |||| 00| 0 eng d |
| 100 ## - MAIN ENTRY--PERSONAL NAME | |
| Personal name | Noronha, Ivo De |
| 245 ## - TITLE STATEMENT | |
| Title | Confusion from cultural fusion: Embracing the significance of goa’s unique blend |
| 260 ## - PUBLICATION, DISTRIBUTION, ETC. (IMPRINT) | |
| Place of publication, distribution, etc | Indian Journal of Public Administration |
| 300 ## - PHYSICAL DESCRIPTION | |
| Extent | 71(1), Mar, 2025: p.183-186 |
| 520 ## - SUMMARY, ETC. | |
| Summary, etc | Amidst the chaos and harm witnessed in various regions, the physical harm inflicted upon individuals and their property has been often emphasised by the media. However, one crucial aspect remains overlooked: the destruction of cultural heritages.- Reproduced https://journals.sagepub.com/doi/full/10.1177/00195561241284454 |
| 773 ## - HOST ITEM ENTRY | |
| Main entry heading | Indian Journal of Public Administration |
| 942 ## - ADDED ENTRY ELEMENTS (KOHA) | |
| Item type | Articles |
| Withdrawn status | Lost status | Source of classification or shelving scheme | Damaged status | Not for loan | Permanent location | Current location | Date acquired | Serial Enumeration / chronology | Barcode | Date last seen | Koha item type |
|---|---|---|---|---|---|---|---|---|---|---|---|
| Indian Institute of Public Administration | Indian Institute of Public Administration | 2025-05-13 | 71(1), Mar, 2025: p.183-186 | AR135718 | 2025-05-13 | Articles |
